| 000 | 01351nam a2200277 i 4500 | ||
|---|---|---|---|
| 001 | 186213 | ||
| 003 | SpMaBN | ||
| 005 | 20251011063201.0 | ||
| 008 | 160919s2013 sp |||| | spa d | ||
| 080 | _a615.07 | ||
| 080 | _a502.21 | ||
| 100 | 1 |
_aDelgado Calvo-Flores, Rafael, _d1953- _9160922 |
|
| 245 | 1 | 0 |
_aRecursos naturales y farmacia _b: discurso de recepción pronunciado por el académico electo ... Prof. Dr. D. Rafael Delgado Calvo-Flores .... y discurso de contestación pronunciado por el académico numerario ... Prof. Dr. D. Blas Gil Extremera, en sesión solemne celebrada en el salón de actos de la Real Academia de Medicina y Cirugía el día 10 de mayo. |
| 260 |
_aGranada : _bReal Academia de Medicina y Cirugía de Granada, _c2013. |
||
| 300 |
_a133 p. ; _c24 cm. |
||
| 504 | _aBibliografía: p. 119-124. | ||
| 650 | 0 | 7 |
_aFarmacognosia. _912724 |
| 650 | 0 | 7 |
_aRecursos naturales _2embne _916700 |
| 700 | 1 |
_aGil Extremera, Blas. _9160923 |
|
| 710 | 2 |
_aReal Academia de Medicina y Cirugía del Distrito de Granada. _96331 |
|
| 852 |
_aES-MaACL _jA-13792 _9193268 _dOlim: N-6792 _g Dedicatoria autógrafa del autor _hDonación: Rafael Delgado Calvo-Flores |
||
| 903 |
_aDelgado Calvo-Flores, Rafael, _d1953- _ednr _9160922 |
||
| 942 |
_2udc _cMONOGRAFIA |
||
| 999 |
_c186213 _d186213 |
||